| 000 | 00865nam a22002177a 4500 | ||
|---|---|---|---|
| 005 | 20240305165554.0 | ||
| 007 | cr|||| |||| | ||
| 008 | 201217s2020 es |||||s|||| 00||0 spa d | ||
| 035 | _a32466 | ||
| 040 | _avLex | ||
| 090 |
_c10975 _d10975 |
||
| 245 | 0 | 0 |
_aWebinars vLex _h[Recurso electrónico] / |
| 256 | _aServicio en línea | ||
| 260 |
_aBarcelona: _bEditorial vLex, _c2020 |
||
| 300 | _a1 recurso electrónico | ||
| 506 | 1 |
_aDisponible solo en los productos indicados _dvLex Global _dvLex Global (Academic Edition, excluding Law Schools) _dvLex Global (U.S. Academic Edition, Law Schools) _dvLex Global (U.S. Academic Edition, excluding Law Schools) _dvLex Global (Academic Edition, Law Schools) |
|
| 650 | 0 | 4 |
_aDerecho Civil _zEspaña |
| 740 | 0 | _aPrácticos vLex (Servicio en línea) | |
| 856 | 4 | 0 | _uhttps://app.vlex.com/#/sources/32466 |
| 942 | _cRAA | ||
| 999 |
_c169211 _d169211 |
||